Frontier orbitals and organic chemical reactions / (Record no. 70481)
[ view plain ]
| 000 -LEADER | |
|---|---|
| fixed length control field | 00871nam a2200277 a 4500 |
| 001 - CONTROL NUMBER | |
| control field | 70481 |
| 003 - CONTROL NUMBER IDENTIFIER | |
| rucl marc code | BD-RjUL |
| 005 - DATE AND TIME OF LATEST TRANSACTION | |
| control field | 20211209082015.0 |
| 008 - FIXED-LENGTH DATA ELEMENTS--GENERAL INFORMATION | |
| fixed length control field | 170417s19871976enka b 001 0 eng |
| 020 ## - INTERNATIONAL STANDARD BOOK NUMBER | |
| International Standard Book Number | 0471018201. |
| -- | 0471089198 |
| 035 ## - SYSTEM CONTROL NUMBER | |
| System control number | (BD-RjUL)70695 |
| 040 ## - CATALOGING SOURCE | |
| Original cataloging agency | DLC |
| Transcribing agency | DLC |
| Modifying agency | MYG |
| -- | BD-RjUL |
| Language of cataloging | eng |
| 041 ## - LANGUAGE CODE | |
| Language code of text/sound track or separate title | eng |
| 082 ## - DEWEY DECIMAL CLASSIFICATION NUMBER | |
| Edition number | 23 |
| Classification number | 541.396 |
| Author mark and year | FLF 1987 |
| 090 ## - LOCALLY ASSIGNED LC-TYPE CALL NUMBER (OCLC); LOCAL CALL NUMBER (OCLC) | |
| Classification number (OCLC) (R) ; Classification number, CALL (RLIN) (NR) | QD461 |
| Local cutter number (OCLC) ; Book number/undivided call number, CALL (RLIN) | .F53 1976 |
| 099 ## - LOCAL FREE-TEXT CALL NUMBER (OCLC) | |
| Bangla Class number | QD461.F53 1976 |
| 100 1# - MAIN ENTRY--PERSONAL NAME | |
| Personal name | Fleming, Ian, |
| Dates associated with a name | 1935- |
| 9 (RLIN) | 208646 |
| 245 10 - TITLE STATEMENT | |
| Title | Frontier orbitals and organic chemical reactions / |
| Statement of responsibility, etc. | Ian Fleming. |
| 260 ## - PUBLICATION, DISTRIBUTION, ETC. (IMPRINT) | |
| Place of publication, distribution, etc. | New York : |
| Name of publisher, distributor, etc. | Wiley, |
| Date of publication, distribution, etc. | c1976 [reprint 1987] |
| 300 ## - PHYSICAL DESCRIPTION | |
| Pagination | 249 p. : |
| Illustrations | ill. ; |
| Size | 24 cm. |
| 500 ## - GENERAL NOTE | |
| General note | "A Wiley-interscience publication." |
| 504 ## - BIBLIOGRAPHY, ETC. NOTE | |
| Bibliography, etc | Includes bibliographical references and index. |
| 650 #0 - SUBJECT ADDED ENTRY--TOPICAL TERM | |
| Topical term or geographic name as entry element | Molecular orbitals. |
| 9 (RLIN) | 159621 |
| Topical term or geographic name as entry element | Physical organic chemistry. |
| 9 (RLIN) | 208647 |
| 942 ## - ADDED ENTRY ELEMENTS (KOHA) | |
| Source of classification or shelving scheme | Dewey Decimal Classification |
| Koha item type | Books |
| Lost status | Source of classification or shelving scheme | Damaged status | Not for loan | Collection code | Permanent Location | Current Location | Shelving location | Date acquired | Source of acquisition | Cost, normal purchase price | Total Checkouts | Full call number | Date last seen | Copy number | Koha item type |
|---|---|---|---|---|---|---|---|---|---|---|---|---|---|---|---|
| Dewey Decimal Classification | Not For Loan | Non-fiction | Central Library, University of Rajshahi | Central Library, University of Rajshahi | Reading Room | 01/08/1988 | Mahummad Book | 8.95 | 541.396 FLF 1987 | 17/04/2017 | C-1 | Books |